| 000 | 00476nam a2200145Ia 4500 | ||
|---|---|---|---|
| 008 | 231129s1997||||xx |||||||||||||| ||spa|| | ||
| 020 | _a958-18-0167-7 | ||
| 040 | _bspa | ||
| 082 | _aCo863.44 C657 | ||
| 100 | _aCobo Borda Juan Gustavo | ||
| 245 | 0 | _aSilva Arciniegas Mutis Garcia Marquez y otros escritores colombianos | |
| 260 | _c1997 | ||
| 264 | _aPresidencia de la Republica ; Imprenta Nacional de Colombia | ||
| 942 |
_2ddc _cBKS |
||
| 999 |
_c24615 _d24615 |
||